000 00666nam a2200229 i 4500
001 C2-0002502
003 PPAK
005 20190630221753.0
020 _a2880461790
008 970116s1991 sz a|||| ||||| | eng d
040 _aPPAK
_beng
_cPPAK
_erda
082 0 4 _a741.67
_223
090 0 0 _a741.67
_bART
_dR
245 0 4 _aThe 71st art directors annual and 6th international exhibition
264 1 _aMies :
_bRotovision Publications ,
_c1991
300 _a595 pages :
_bcolour illustrations ;
_c30 cm
336 _2rdacontent
_atext
337 _2rdamedia
_aunmediated
338 _2rdacarrier
_avolume
650 1 0 _aAdvertising ; Art - Exhibitions
942 _ddc
_cB
999 _c94
_d94